Discursos leido y pronunciado en la inauguración de la Unión Veterinaria sociedad académica el día 20 de octubre de 1878 en el paraninfo de la Universidad Central. (Record no. 166785)
[ view plain ]
| 000 -LEADER | |
|---|---|
| campo de control de longitud fija | 00714nam a22001695i 4500 |
| 001 - NÚMERO DE CONTROL | |
| campo de control | 166785 |
| 003 - IDENTIFICADOR DE NÚMERO DE CONTROL | |
| campo de control | ES-MaACL |
| 005 - FECHA Y HORA DE LA ÚLTIMA TRANSACCIÓN | |
| campo de control | 20240203062552.0 |
| 008 - DATOS DE LONGITUD FIJA--INFORMACIÓN GENERAL | |
| campo de control de longitud fija | 981002s1878 sp |||| | spa d |
| 040 ## - FUENTE DE CATALOGACIÓN | |
| Centro catalogador/agencia de origen | CLM |
| Lengua de catalogación | spa |
| Centro/agencia transcriptor | CCPB | 3D |
| 110 2# - ENTRADA PRINCIPAL--NOMBRE DE ENTIDAD CORPORATIVA | |
| Nombre de entidad corporativa o nombre de jurisdicción como elemento de entrada | Universidad Central (Madrid) |
| 9 (RLIN) | 7084 |
| 245 10 - MENCIÓN DEL TÍTULO | |
| Título | Discursos leido y pronunciado en la inauguración de la Unión Veterinaria sociedad académica el día 20 de octubre de 1878 en el paraninfo de la Universidad Central. |
| 260 ## - PUBLICACIÓN, DISTRIBUCIÓN, ETC. | |
| Lugar de publicación, distribución, etc. | Madrid : |
| Nombre del editor, distribuidor, etc. | [s.n.], |
| Fecha de publicación, distribución, etc. | 1878 ( |
| Fabricante | Establecimiento tipográfico de P. Nuñez) |
| 300 ## - DESCRIPCIÓN FÍSICA | |
| Extensión | 48 p. ; |
| Dimensiones | 25 cm. |
| 852 ## - LOCALIZACIÓN | |
| Ubicación | ES-MaACL |
| Número de control de estantería | T-317-F-6-7 |
| Nota libre | -- Enc. hol., falto de la cub. original |
| -- | -- Enc. en un vol. facticio |
| Estatus retirado | Estado de pérdida | Estado de daño | No para préstamo | Colección | Biblioteca de origen | Biblioteca actual | Ubicación en estantería | Fecha de adquisición | Total de préstamos | Signatura topográfica completa | Código de barras | Visto por última vez | Precio de reemplazo | Tipo de ítem Koha |
|---|---|---|---|---|---|---|---|---|---|---|---|---|---|---|
| Colección de folletos | Biblioteca del Ateneo de Madrid | Biblioteca del Ateneo de Madrid | Depósito folletos | 17/01/2008 | T-317-F-6-7 | 1174922 | 23/02/2023 | 23/02/2023 | Folleto |
